Countries of Oceania - 20 Second Sprint - Statistics

General Stats
  • This quiz has been taken 22 times
  • The average score is 11 of 14
Answers on the Map
Answers color-coded by a green-red scale on the quiz's map according to % correct below.
 
Answer Stats
Country % Correct
Australia
100%
New Zealand
100%
Papua New Guinea
93%
Vanuatu
93%
Tuvalu
86%
Nauru
79%
Tonga
79%
Federated States of Micronesia
71%
Kiribati
71%
Palau
71%
Fiji
64%
Marshall Islands
64%
Samoa
64%
Solomon Islands
64%
No matching quizzes found
Score Distribution
Percent of People with Each Score
Percentile by Number Answered
Your Score History
You have not taken this quiz